00177nam a2200073Ia 4500008004100000100002000041245002400061260001800085170817s9999 xx 000 0 und d aSarason.Irwin.G 0aAbnormal Psychology bA. P. H. PUB.